The basis of clinical diagnosis (Record no. 19535)
[ view plain ]
| 000 -LEADER | |
|---|---|
| fixed length control field | 00242nam a2200097Ia 4500 |
| 008 - FIXED-LENGTH DATA ELEMENTS--GENERAL INFORMATION | |
| fixed length control field | 120527s9999 xx 000 0 und d |
| 100 ## - MAIN ENTRY--AUTHOR | |
| Author | PARKINS,R.A etal |
| 245 ## - TITLE STATEMENT | |
| Title | The basis of clinical diagnosis |
| 260 ## - PUBLICATION, DISTRIBUTION, ETC. (IMPRINT) | |
| Name of publisher | Arco. Publishing |
| 942 ## - ADDED ENTRY ELEMENTS (KOHA) | |
| Item type | Books |
| Not for loan | Home library | Current library | Shelving location | Date acquired | Accen. No. | Koha item type |
|---|---|---|---|---|---|---|
| OLUSEGUN OKE LIBRARY LAUTECH | OLUSEGUN OKE LIBRARY LAUTECH | 28/05/2012 | 5033 | Books |